| 000 | 00597nam a22001577a 4500 | ||
|---|---|---|---|
| 003 | macl | ||
| 005 | 20170929154629.0 | ||
| 008 | 170929b xxu||||| |||| 00| 0 eng d | ||
| 040 | _cmacl | ||
| 082 | _a800 | ||
| 100 |
_aसं. डाॅ. राकेश रायपुरिया _969292 |
||
| 245 | _aसमाजद्रष्टा साहित्यकार रत्नकुमार सांभरिया | ||
| 260 |
_aजयपुर _bदृष्टि प्रकाशन _c2016 |
||
| 650 |
_aकहानी साहित्य _969293 |
||
| 942 |
_2ddc _cHIN |
||
| 999 |
_c57070 _d57070 |
||